|
|
|
|
| LEADER |
00000nam a22000007a 4500 |
| 005 |
20210809222836.0 |
| 007 |
cr|||| |||| |
| 008 |
210809s2011 ca |||||s|||| 00||0 eng d |
| 020 |
|
|
|a 9781552212158
|
| 035 |
|
|
|a 34879
|
| 040 |
|
|
|a vLex
|
| 090 |
|
|
|c 11938
|d 11938
|
| 100 |
1 |
|
|a Potts, David
|
| 245 |
1 |
0 |
|a Cyberlibel
|h [Recurso electrn̤ico] /
|b Information Warfare in the 21st Century? /
|c David Potts
|
| 256 |
|
|
|a Servicio en ln̕ea
|
| 260 |
|
|
|a Toronto:
|b Irwin Law Inc.,
|c 2011
|
| 300 |
|
|
|a 1 recurso electrn̤ico
|
| 500 |
|
|
|a Cyberlibel: Information Warfare in the 21st Century? by David A. Potts brings years of research and experience in libel and slander law into focus on how individuals and organizations can gain the upper hand in safeguarding – or restoring – their reputation once it’s assaulted on the Internet. The book examines caselaw from all common law jurisdictions including Canada, the US, the UK, and Australia and provides practical strategies that can be used in defamation actions related to the Internet. Cyberlibel: Information Warfare in the 21st Century? includes the following topics in Canadian and international defamation law: What makes cyberlibel issues unique from a legal perspective How to remove a defamatory publication from the Internet Defences available for those sued for cyberlibel Whether rules of conduct apply to bloggers and Facebook users What constitutes invasion of privacy and injurious falsehood online The liability of search engines and other third parties Emerging case-law defining cyberlibel This book represents a vital reputation-management tool for organizations of all kinds – from corporations and professional associations to government agencies and not-for-profits.
|
| 506 |
1 |
|
|a Disponible solo en los productos indicados
|d vLex Global
|d vLex Global (Academic Edition, excluding Law Schools)
|d vLex Global (U.S. Academic Edition, Law Schools)
|d vLex Global (U.S. Academic Edition, excluding Law Schools)
|d vLex Global (Academic Edition, Law Schools)
|
| 650 |
0 |
4 |
|a Derecho de las Nuevas Tecnologa̕s
|z Canad̀
|
| 740 |
0 |
|
|a vLex Libros (Servicio en ln̕ea)
|
| 856 |
4 |
0 |
|u https://app.vlex.com/#/sources/34879
|z Acceso restringido
|
| 942 |
|
|
|c BOOK
|
| 999 |
0 |
|
|a New Technologies Law
|